| Tag |
First Indicator |
Second Indicator |
Subfields |
| LEADER |
00000cam a2200000 a 4500 |
| 001 |
in00002363713 |
| 005 |
20151109040838.0 |
| 008 |
020601s2003 pau b 001 0deng |
| 010 |
|
|
|a 2002008451
|
| 019 |
|
|
|a 51522630
|
| 020 |
|
|
|a 0791061884
|
| 020 |
|
|
|a 9780791061886
|
| 029 |
1 |
|
|a YDXCP
|b 100289380
|
| 035 |
|
|
|a (OCoLC)ocm49959190
|
| 035 |
|
|
|a (OCoLC)49959190
|z (OCoLC)51522630
|
| 040 |
|
|
|a DLC
|c DLC
|d BAKER
|d BTCTA
|d YDXCP
|d UtOrBLW
|
| 049 |
|
|
|a TXAM
|
| 050 |
0 |
0 |
|a PS3525.I5156
|b Z5143 2003
|
| 082 |
0 |
0 |
|a 812/.52
|2 21
|
| 245 |
0 |
0 |
|a Arthur Miller /
|c edited and with an introduction by Harold Bloom.
|
| 264 |
|
1 |
|a Philadelphia :
|b Chelsea House Publishers,
|c [2003]
|
| 264 |
|
4 |
|c ©2003
|
| 300 |
|
|
|a xiii, 148 pages ;
|c 24 cm.
|
| 336 |
|
|
|a text
|b txt
|2 rdacontent
|
| 337 |
|
|
|a unmediated
|b n
|2 rdamedia
|
| 338 |
|
|
|a volume
|b nc
|2 rdacarrier
|
| 490 |
1 |
|
|a Bloom's biocritiques
|
| 504 |
|
|
|a Includes bibliographical references and index.
|
| 505 |
0 |
|
|a Introduction / Harold Bloom -- Biography of Arthur Miller / Cookie Lommel -- Arthur Miller : an introduction / Neil Heims -- The action and its significance : Arthur Miller's struggle with dramatic form / Orm Överland -- Miller and things / Marianne Boruch -- From Honors at dawn to Death of a salesman : Marxism and the early plays of Arthur Miller / Helge Normann Nilsen.
|
| 600 |
1 |
0 |
|a Miller, Arthur,
|d 1915-2005
|x Criticism and interpretation.
|
| 700 |
1 |
|
|a Bloom, Harold.
|
| 830 |
|
0 |
|a Bloom's biocritiques.
|
| 856 |
4 |
1 |
|3 Table of contents
|u http://www.loc.gov/catdir/toc/fy035/2002008451.html
|t 0
|
| 938 |
|
|
|a Baker & Taylor
|b BKTY
|c 35.00
|d 35.00
|i 0791061884
|n 0003598222
|s active
|
| 938 |
|
|
|a Baker and Taylor
|b BTCP
|n 2002008451
|
| 938 |
|
|
|a YBP Library Services
|b YANK
|n 100289380
|
| 945 |
|
|
|a PromptCat
|b 359884
|
| 946 |
|
|
|a stk
|
| 947 |
|
|
|a A14836841596
|
| 994 |
|
|
|a 92
|b TXA
|
| 948 |
|
|
|a cataloged
|b h
|c 2008/3/20
|d c
|e asalazar
|f 2:45:17 pm
|
| 999 |
|
|
|a MARS
|
| 999 |
f |
f |
|s c0d2728b-c335-330b-a40b-0a4df779453c
|i f4e87d9e-a643-34d7-b579-2aedf2b5d1df
|t 0
|
| 952 |
f |
f |
|p normal
|a Texas A&M University
|b College Station
|c Sterling C. Evans Library
|d Evans: Library Stacks
|t 0
|e PS3525.I5156 Z5143 2003
|h Library of Congress classification
|i unmediated -- volume
|m A14836841596
|
| 998 |
f |
f |
|a PS3525.I5156 Z5143 2003
|t 0
|l Evans: Library Stacks
|